<?xml version="1.0" encoding="UTF-8"?>
<record
    xmlns:xsi="http://www.w3.org/2001/XMLSchema-instance"
    xsi:schemaLocation="http://www.loc.gov/MARC21/slim http://www.loc.gov/standards/marcxml/schema/MARC21slim.xsd"
    xmlns="http://www.loc.gov/MARC21/slim">

  <leader>01863nam a2200289Ia 4500</leader>
  <controlfield tag="001">H8522</controlfield>
  <controlfield tag="003">IT-RoPAU</controlfield>
  <controlfield tag="008">130308s9999    xx            000 0 und d</controlfield>
  <datafield tag="040" ind1=" " ind2=" ">
    <subfield code="a">IT-RoPAU</subfield>
  </datafield>
  <datafield tag="040" ind1=" " ind2=" ">
    <subfield code="c">IT-RoPAU</subfield>
  </datafield>
  <datafield tag="041" ind1=" " ind2=" ">
    <subfield code="a">ITALIANO</subfield>
  </datafield>
  <datafield tag="100" ind1=" " ind2=" ">
    <subfield code="a">AA.VV.</subfield>
  </datafield>
  <datafield tag="100" ind1=" " ind2=" ">
    <subfield code="g">Codice Aut. SPICS: 12000</subfield>
  </datafield>
  <datafield tag="245" ind1=" " ind2=" ">
    <subfield code="a">23a settimana internazionale della critica - 65a mostra cinematografica Venezia</subfield>
  </datafield>
  <datafield tag="245" ind1=" " ind2=" ">
    <subfield code="b">23&#xD8; settimana internazionale della Critica - 65&#xD8; mostra Cinematografica Venezia</subfield>
  </datafield>
  <datafield tag="250" ind1=" " ind2=" ">
    <subfield code="a">1a ed.</subfield>
  </datafield>
  <datafield tag="260" ind1=" " ind2=" ">
    <subfield code="a">MILANO</subfield>
  </datafield>
  <datafield tag="260" ind1=" " ind2=" ">
    <subfield code="b">Electa</subfield>
  </datafield>
  <datafield tag="260" ind1=" " ind2=" ">
    <subfield code="c">2008 [1&#xB0; Ed.:2008 - Ed.Ling.Originale:2008]</subfield>
  </datafield>
  <datafield tag="300" ind1=" " ind2=" ">
    <subfield code="a">"110 p. (prefazione: no ; testo: 110 [pagine: 0-0])"</subfield>
  </datafield>
  <datafield tag="500" ind1=" " ind2=" ">
    <subfield code="a">"Due Funzioni della Sic di B. torri. Tempo di bilanci di F. Di Pace. 7 Film: L'Apprendi L'Apprendista di S. Collardey, a Piccoli passi Verso Vita di M. Causo; Cuvari Noci Guardiani di Notte di N. Kabil, Piccoli rituali nel Silenzio di una Notte di S. Silvestri; Huanggua Cetriolo di Z. Yaowu, Pechinooggi Ecco Cina senza Medaglie di A. De Grandis; Iki Cizgi Due linee di S. Evci, Binari Paralleli di M. Lombardi; Kabuli Kid Il bambino di Kabul di B.Akram, Vita Innanzitutto Anche a Kabul di S. Silvestri; Pranzo di Ferragosto di G. Di Gregorio, Vecchiette senza Arsenico Ne' Merletti di M. Lombardi; </subfield>
    <subfield code="E">11.Ou7! Sell Out! Vendi di Y. Joon Han, Amori senza Certificato di garanzia di M. Causo; Eventi Speciali: Lonsj di E. Sorhaug, Altra faccia del candore Umanit&#xE0; e gli Uccelli nell'Apparente Serenit&#xE0; Norvegese; Pinuccio Lovero sogno di una Morte di mezza Estate di P. Mezzapesa, Provincia dei paesaggi con figure di G. De Pascale. settimana internazionale della Critica di Venezia: programmi delle precedenti Edizioni."</subfield>
  </datafield>
  <datafield tag="650" ind1=" " ind2=" ">
    <subfield code="a">MANIFESTAZIONI CINEMATOGRAFICHE</subfield>
  </datafield>
  <datafield tag="650" ind1=" " ind2=" ">
    <subfield code="e">Codice materia Spics: 6815</subfield>
  </datafield>
  <datafield tag="942" ind1=" " ind2=" ">
    <subfield code="c">BK</subfield>
  </datafield>
  <datafield tag="957" ind1=" " ind2=" ">
    <subfield code="7">1</subfield>
  </datafield>
  <datafield tag="999" ind1=" " ind2=" ">
    <subfield code="c">93675</subfield>
    <subfield code="d">93675</subfield>
  </datafield>
  <datafield tag="999" ind1=" " ind2=" ">
    <subfield code="g">1</subfield>
  </datafield>
  <datafield tag="952" ind1=" " ind2=" ">
    <subfield code="0">0</subfield>
    <subfield code="1">0</subfield>
    <subfield code="4">0</subfield>
    <subfield code="6">H_000000000000000_8522</subfield>
    <subfield code="7">1</subfield>
    <subfield code="a">SPICS</subfield>
    <subfield code="b">SPICS</subfield>
    <subfield code="d">2013-03-08</subfield>
    <subfield code="l">0</subfield>
    <subfield code="o">H8522</subfield>
    <subfield code="r">2013-03-08 00:00:00</subfield>
    <subfield code="w">2013-03-08</subfield>
    <subfield code="y">BK</subfield>
    <subfield code="z">Progressivo inserimento:  42517 /  N. Volumi: 1 Copie: 1  / data import: 1 marzo 2013 - By Epidotti, Trombetti, Vaglietti. </subfield>
  </datafield>
</record>
